01127nam a22002657a 45000010005000000030006000050050017000110080041000280200018000690400029000870500017001160820011001331000023001442450052001672500035002192600037002543000050002915050008003415200362003495210029007115210020007406500036007606500028007967000037008247115FISKH20250826085748.0250624b cb ||||| |||| 00| 0 eng d a9780545217729 aFISKHbengcFISKHdFISKH aPE1629 .C584 a423.17 aBridwell, Norman  aClifford's big dictionary /cBy Norman Bridwell aFirst printing, September 2010 aNew York : bScholastic ,c2010. a128 pages :bcolor illustrations ;c28 cm .  aM  aThe dictionary has alphabetical entries, with 10-25 words per letter, each illustrated with spot art, as well as simple sentences beneath each word to help describe it and put it in context. The frontmatter and backmatter includes sections on how to use a dictionary, numbers and colors, opposites, the body, things that go, Clifford's Big Ideas, and more! 8 a550 bLexile estimate 8 aM bRaz-Plus  aPicture dictionaryvNon-fiction aVocabularyvNon-fcition aNavarra, AngelaeCover designer